000 00392nam a22001697a 4500
005 20160618112210.0
008 160618b xxu||||| |||| 00| 0 eng d
020 _a81-297-0570-2
041 _aeng
082 _b8094
100 _aAsacker, Tom
_92187
245 _aSand box Wisdom
260 _aDelhi
_bPearson Education
_c2004
300 _a121
650 _aManagement
_9241
942 _cBK
999 _c3061
_d3060